Využitie informačných technológií vo výučbe účtovníctva

Moderné technológie prenikajú do všetkých štruktúr spoločnosti i do života každého jednotlivca. Zvýšenie efektívnosti výchovno-vzdelávacieho procesu - e-learningová podpora vzdelávania. Popis vývoja e-kurzu Účtovníctvo A na Ekonomickej univerzite v Bratislave.

Salvato in:
Dettagli Bibliografici
Autore principale: Vašeková, Miroslava, 1978-
Natura: Capitolo di libro
Lingua:slovacco
Soggetti:
Tags: Aggiungi Tag
Nessun Tag, puoi essere il primo ad aggiungerne!!

MARC

LEADER 00000naa$a2200000$$$4500
001 0045939
005 20240502071531.6
041 0 |a slo 
044 |a SK 
245 1 0 |a Využitie informačných technológií vo výučbe účtovníctva  |c Miroslava Vašeková 
520 |a Moderné technológie prenikajú do všetkých štruktúr spoločnosti i do života každého jednotlivca. Zvýšenie efektívnosti výchovno-vzdelávacieho procesu - e-learningová podpora vzdelávania. Popis vývoja e-kurzu Účtovníctvo A na Ekonomickej univerzite v Bratislave. 
610 2 0 |a technológie informačné 
610 2 0 |a technológie komunikačné 
610 2 0 |a vzdelávanie vysokoškolské 
610 2 0 |a vzdelávanie elektronické 
610 2 0 |a účtovníctvo 
610 2 0 |a Ekonomická univerzita v Bratislave 
100 1 |a Vašeková, Miroslava, 1978-